000 00330pab a2200145 454500
008 180718b1988 xxu||||| |||| 00| 0 eng d
100 _aShah, Anil C.
245 _aApology for excellence
260 _c1988
300 _a28-30
362 _aJan.
650 _aSocial Service Agencies
773 _aKurukshetra
909 _a18311
999 _c18311
_d18311